000 01028nam a2200241 i 4500
001 170675
003 ES-MaACL
005 20250808062735.0
008 090330s1956 sp |||| | spa d
100 0 _aAgustín
_cSanto, Obispo de Hipona.
_9125563
245 1 0 _aObras de San Agustín.
_nT. IV /
_cversión , introducciones y notas de Victorino Capanaga...[et al.].
250 _aEd. bilingüe, 1ª ed, reimp.
260 _aMadrid :
_b[La Editorial Católica],
_c1956.
300 _aXVI, 899 p. ;
_c20 cm.
490 1 _aBiblioteca de autores cristianos ;
_v30
505 8 _aContiene: Obras apologéticas. De la verdadera religión ; De las costumbres de la Iglesia ; Enquiridión ; De la unidad de la iglesia ; De la fe en lo que no se ve ; De la utilidad de creer
546 _aTexto en latín y traducción en castellano.
700 1 _aCapanaga, Victorino.
_934776
830 0 0 _aBiblioteca de autores cristianos
_v30
_9178679
852 _aES-MaACL
_jJ-29
_9R.46092
999 _c170675
_d170675